000 00702nam a2200229 u 4500
005 20240831063725.0
008 090521s2007 r 000 0 eng d
020 _a9788421697023
035 _aUPN01000170572
049 _aI
050 4 _aPZ74.9
_bF4.39 2007
100 1 _aFernández García, César,
_d1967-
_930400
245 1 4 _aLos extraños vecinos del bajo B /
_cCésar Fernández García ; il. Gloria Celma.
250 _a3a ed.
260 _aMadrid :
_bBruño,
_c2007.
300 _a145 p. :
_bil.
440 0 _aAlta mar.
_pMisterio ;
_v151
650 4 _aCuentos infantiles españoles
_97725
650 0 _aCuentos policíacos y de misterio
_92405
905 _aLibro
999 _c142677
_d142677